000 00362nam a2200133Ia 4500
005 20251222143306.0
008 251222s9999||||xx |||||||||||||| ||spa||
020 _a968-16-4561-8
082 _a340.09/B45
100 _aBerman, Harold J.
245 0 _aLa Formación de la Tradición Jurídica de Occidente
264 _bFondo de Cultura Económica
942 _cLIB
999 _c15539
_d15539